000 00223nam a2200097Ia 4500
008 220204s9999 xx 000 0 und d
082 _a82-7
_bJAC
100 _aJacobs, Frank
245 0 _aMad for better or verse
942 _cBK
999 _c35733
_d35733